Online Catalogue and eLibrary

Duu kumari (Record no. 5168)

MARC details
000 -LEADER
fixed length control field 00364nam a2200157Ia 4500
005 - DATE AND TIME OF LATEST TRANSACTION
control field 20250703023107.0
008 - FIXED-LENGTH DATA ELEMENTS--GENERAL INFORMATION
fixed length control field 240331s9999 xx 000 0 und d
020 ## - INTERNATIONAL STANDARD BOOK NUMBER
ISBN 9559052233
082 ## - DDC Classification
Item Number - Author Mark RUN
Class No. 820
100 ## - MAIN ENTRY--PERSONAL NAME
Personal name Ruwanpathirana,M
245 #0 - TITLE STATEMENT
Title Duu kumari
260 ## - PUBLICATION, DISTRIBUTION, ETC.
Place of publication, distribution, etc. Colombo
Name of publisher, distributor, etc. Centre for women's Research
300 ## - PHYSICAL DESCRIPTION
Extent (e.g. Volumes, Pages etc.) 15 p .,
650 ## - SUBJECT ADDED ENTRY--TOPICAL TERM
Topical term or geographic name entry element Women
942 ## - Koha item type (Biblio)
Koha item type Books in Stacks (Lending)
Holdings
Lost status Damaged status Collection code Home library Current library Shelving location Date acquired Full call number Accession Number Item type
    Lending WERC Library WERC Library Social Science Cupboard 03/31/2024 820 RUN 2102 Books in Stacks (Lending)

© WERC Library